000 01378nam a22002177a 4500
999 _c1824
_d1824
003 AR-CdUCM
008 190228b ||||| |||| 00| 0 spa d
040 _aMUNICIPALIDAD PROVINCIAL DEL CUSCO
_cBIBLIOTECA MUNICIPAL DEL CUSCO
082 _21ra. ed.
_a631.45 /
_bG95
100 _aGustafson A.F.
_96690
245 _aConservacion del Suelo :
_b(Conservacion of the soil) /
_cGustafson A.F.
260 _aMexico :
_bEditorial Continental S.A. ,
_c1957.
300 _a320 paginas :
_c23 cm.
505 _aLa Erosion del Suelo -- Resultados de la Erosion del Suelo -- Influencia de la Precipitacion y de la Latitud sobre la Erosion del Suelo -- La influencia de la pendiente y del suelo sobre la erosion -- Influencia de la Cubierta Vegetal Natural -- Efectos de las Cosechas y del cultivo -- Conservacion de la Materia Organica -- Importancia de las Labores y Plantaciones -- Cultivo en fajas siguiendoi las curvas del Nivel -- Terrazas -- Praderas, Pastos, Bosques -- Correncion y Eliminacion de las Barrancas -- Defensa contra la Erosion Eolica -- Defensa contra la Erosion por las Olas -- Defensa de las carreteras contra la Erosion -- Defensa contra las Inundaciones...
650 _aGeomorfologia.
_96691
650 _aEstudio de Suelos.
_96692
650 _aErosion del Suelo.
_96693
700 _aGustafson A.F.
_96690
942 _2ddc
_cLIBROS
945 _artm
_d2019-02-28